Oman Chamber of Commerce & Industry : trade directory 2014.
| Corporate Author: | |
|---|---|
| Format: | Book |
| Published: |
Oman:
Oman Chamber of Commerce & Industry,
2014.
|
| Subjects: |
| LEADER | 00539cam a2200145 7i4500 | ||
|---|---|---|---|
| 001 | 0000032320 | ||
| 005 | 20150409090000.0 | ||
| 090 | 0 | 0 | |a OMAN 338.7025 |b CHA |
| 110 | 2 | 0 | |a Chamber of Commerce & Industry Oman |
| 245 | 1 | 0 | |a Oman Chamber of Commerce & Industry : |b trade directory 2014. |
| 260 | 0 | 0 | |a Oman: |b Oman Chamber of Commerce & Industry, |c 2014. |
| 300 | # | # | |a 555 p. |
| 650 | 0 | 0 | |a Trade -- |x Directories -- |y 2014 -- |z Oman |
| 650 | 0 | 0 | |a Business -- |x Directories -- |y 2014 -- |z Oman |
| 999 | |a 0000035800 |b Directories |c Countries |e Business Information Centre | ||